00438nam a2200157Ia 4500003000400000008004100004040001600045082001800061100002000079245007300099260005700172300001000229650001000239650001500249650001600264GCL140319s9999 xx 000 0 eng d aGCL / cGCL04a155.6463bD P1 aDEUTSCH, HELENE10aLA PSYCHOLOGIE DES FEMMES: ETUDE PSYCHANALYTIQUE / cDEUTSCH, HELENE a[S.N] : bPRESSES UNIVERSITAIRES DE FRANCE ، c1987 a418 P04aWOMEN04aMOTHERHOOD04aMOTHER CARE